00758nam a22002057a 450000500170000000800410001702000180005805000290007610000160010524501440012125000120026526000580027730000280033552100090036365000470037265000310041965000440045070000290049470000290052320140313100406.0131216b xxu||||| |||| 00| 0 eng d a9780814432334 aHF 5549.5.M5 b.Z45 2013 aZemke, Ron. aGenerations at work : bmanaging the clash of boomers, Gen Xers, and Gen Yers in the workplace /cRon Zemkel, Claire Raines, Bob Filipczak. a2nd ed. aNew York : bAmerican Management Association, c2013. aviii, 312 p. ; c23 cm. aBSBA aDiversity in the workplacezUnited States. aAge groupszUnited States. aConflict of generationszUnited States. aRaines, Claire.eauthor. aFilipczak, Bob.eauthor.